000 01351cam a2200325 i 4500
001 17720869
005 20230715140011.0
008 130502s2013 enka b 001 0 eng
010 _a 2013017386
020 _a9781119971917 (cloth/website)
020 _a1119971918 (cloth/website)
020 _z9781119973485 (ebk)
020 _z9781119973492 (ebk)
020 _z9781119973508 (ebk)
040 _aDLC
_beng
_cDLC
_erda
_dDLC
042 _apcc
050 0 0 _aHG 106 .A387 2013
082 0 0 _a332.01/51
_223
100 1 _aAichinger, Michael,
_d1979-
245 1 2 _aA workout in computational finance /
_cMichael Aichinger, Andreas Binder.
300 _axi, 320 pages :
_billustrations ;
_c25 cm.
490 0 _aWiley finance series
504 _aIncludes bibliographical references (pages 301-306) and index.
650 0 _aFinance
_xMathematical models.
700 1 _aBinder, Andreas,
_d1964-
776 0 8 _iOnline version:
_aAichinger, Michael, 1979-
_tWorkout in computational finance
_dHoboken, N.J. : John Wiley & Sons, Inc., [2013]
_z9781119973485
_w(DLC) 2013018390
906 _a7
_bcbc
_corignew
_d1
_eecip
_f20
_gy-gencatlg
942 _2lcc
_cBOOKS
_hHG 106 .A387 2013
999 _c31671
_d31671